00357cam a22000977a 4500008004000000082001200040100004100052245009900093260005700192300001000249180718b1973 xxu||||| |||| 00| 0 eng d aR11 In2 aThe Expert Committee On Unemployment aReport of the joint workshop on employment generationcby The Expert Committee On Unemployment aNew DelhibMinistry Of Labour & Rehabilitationc1973 a251p.